000 01073nam a2200289 i 4500
001 bgj
100 1 _aBAUDAINS, Richard.
245 1 0 _aAlternatives :
_bgames, exercises and conversations for the language classroom /
_cRichard and Marjorie Baudains.
250 _a[3rd impr.].
260 _aHarlow, Essex :
_bLongman,
_c1991.
300 _aIX, 65 pp :
_bfig. ;
_c25 cm.
490 1 _aPilgrims Longman resource books / [ed. by] Seth Lindstromberg
500 _aThis book is produced in assoc. with Pilgrims Language Courses Limited of Canterbury, England.
500 _a1st publ. 1990.
504 _aBibliography p. 65.
650 9 _aEnglish language
_xStudy and teaching
_xForeign speakers
650 9 _aActivity programmes in education
_xLanguage
650 9 _aGames in education
700 1 _aBAUDAINS, Marjorie.
830 0 _aPilgrims Longman resource books ([ed. by] Seth Lindstromberg)
020 _a0582037670 (pbk)
040 _cBPK
041 0 _aeng
920 _a0-582-03767-0 (pbk)
942 _cKS
008 s uk f |000 0 eng
999 _c47741
_d47741
856 _uhttp://koha.tu.koszalin.pl/cgi-bin/koha/opac-detail.pl?biblionumber=47741
_yKatalog online BPK